[Event "Foment Martinenc op-C 24th"]
[Site "Barcelona"]
[Date "2024.06.15"]
[Round "9"]
[White "Xu, Jin Hao"]
[Black "Betharte Chapeaux, Amauris Elvis"]
[Result "1-0"]
[WhiteElo "1746"]
[BlackElo "1700"]
[PlyCount "135"]
[EventDate "2024.04.20"]
[EventType "swiss"]
[EventRounds "9"]
[EventCountry "ESP"]
[SourceTitle "CBM 220 Extra"]
[Source "ChessBase"]
[SourceDate "2024.07.31"]
[SourceVersion "1"]
[SourceVersionDate "2024.07.31"]
[SourceQuality "1"]

1. Nf3 Nf6 2. c4 e6 3. g3 Be7 4. Bg2 c6 5. 0-0 0-0 6. d4 d5 7. Nbd2 b6 8. Qc2 Bb7 9. e4 Na6 10. a3 Nc7 11. e5 Nd7 12. cxd5 cxd5 13. Rd1 Rc8 14. Qd3 Ba6 15. Qe3 f6 16. b3 fxe5 17. Nxe5 Nxe5 18. Qxe5 Bf6 19. Qe3 Qe7 20. Bb2 Bg5 21. f4 Bf6 22. Nf3 Nb5 23. Rac1 Nd6 24. Ne5 Bxe5 25. Qxe5 Rf5 26. Rxc8+ Bxc8 27. Qe2 Bb7 28. Bh3 Rf6 29. Bg2 Rf8 30. a4 Ne4 31. Rc1 Qd7 32. Bh3 Rc8 33. Rxc8+ Bxc8 34. Qc2 Bb7 35. Kf1 Qc6 36. Qxc6 Bxc6 37. Bxe6+ Kf8 38. Ke2 Ke7 39. Bg4 Bd7 40. Bf3 g6 41. Ke3 Bc6 42. Ba3+ Kf6 43. Bb4 a5 44. Be1 Nd6 45. g4 Ke6 46. Kd3 Nb7 47. h3 b5 48. axb5 Bxb5+ 49. Kc2 a4 50. b4 Bc4 51. Bd1 Nd6 52. Kb2 Nb5 53. Bxa4 Nxd4 54. Bd1 Nb5 55. Bc3 d4 56. Bd2 d3 57. Bb3 Kd5 58. Bxc4+ Kxc4 59. f5 gxf5 60. gxf5 Nd4 61. f6 Kd5 62. f7 Ne6 63. Bh6 Kc4 64. f8Q Nxf8 65. Bxf8 h5 66. Kc1 Kc3 67. b5 d2+ 68. Kd1 1-0

[Event "Foment Martinenc op-C 24th"]
[Site "Barcelona"]
[Date "2024.04.20"]
[Round "1"]
[White "Majoral Marco, Javier"]
[Black "Betharte Chapeaux, Amauris Elvis"]
[Result "1-0"]
[WhiteElo "1642"]
[BlackElo "1700"]
[PlyCount "83"]
[EventDate "2024.04.20"]
[EventType "swiss"]
[EventRounds "9"]
[EventCountry "ESP"]
[SourceTitle "CBM 220 Extra"]
[Source "ChessBase"]
[SourceDate "2024.07.31"]
[SourceVersion "1"]
[SourceVersionDate "2024.07.31"]
[SourceQuality "1"]

1. e4 e5 2. Nf3 Nf6 3. Nxe5 Qe7 4. d4 d6 5. Nd3 Nxe4 6. Be2 d5 7. h3 Be6 8. Bf4 Nc6 9. a3 g5 10. Bh2 f5 11. Ne5 Nxe5 12. Bxe5 Rg8 13. Bh5+ Bf7 14. Bxf7+ Qxf7 15. f3 Nd6 16. Qe2 0-0-0 17. Nd2 Bg7 18. 0-0-0 Rge8 19. Qe3 f4 20. Qc3 Bxe5 21. dxe5 d4 22. Qxd4 Nb5 23. Qc5 Rd5 24. Qc4 Rexe5 25. Rhe1 Nd6 26. Qc3 Rxd2 27. Qxe5 Qa2 28. Qe6+ Qxe6 29. Rxe6 Rxg2 30. Rh6 Nc4 31. Rxh7 b6 32. h4 g4 33. fxg4 Rxg4 34. h5 Nd6 35. h6 f3 36. Rg7 Rh4 37. h7 Ne8 38. Rf7 Nd6 39. Rf8+ Kd7 40. h8Q Rxh8 41. Rxh8 f2 42. Rf8 1-0